The 1975 - She's American Lyrics - Statistics

General Stats
  • This quiz has been taken 56 times
  • The average score is 331 of 379
Answer Stats
Answer % Correct
a
100%
American)
100%
American
100%
And
100%
and
100%
American
100%
"Don't
100%
don't
100%
got
100%
I
100%
in
100%
it
100%
like
100%
my
100%
She
100%
she
100%
she's
100%
(She's
100%
She's
100%
so
100%
teeth
100%
the
100%
Then
100%
fix
97%
If
97%
if
97%
likes
97%
eat
94%
just
94%
says
94%
you
94%
You
94%
your
94%
me
91%
said
91%
to
91%
we
91%
girl
88%
intelligent
88%
I've
88%
you're
88%
But
84%
cause
84%
fall
84%
love
84%
no
84%
think
84%
we're
84%
he
81%
moment"
81%
moment
81%
socially
81%
with
81%
gotta
78%
on
78%
learn
75%
"Look!
75%
look
75%
be
72%
gun
72%
is
72%
lot
72%
not
72%
now
72%
"Oh
72%
this
72%
city
69%
die!"
69%
pathetic
69%
turn
69%
what
69%
breakdown"
66%
custom
66%
expecting
66%
face
66%
having
66%
I'm
66%
made
66%
out
66%
town
66%
turning
66%
Well
66%
are
63%
at
63%
Big
63%
brown
63%
figured
63%
guess
63%
has
63%
He's
63%
hold
63%
might
63%
of
63%
synthetic
63%
world
63%
you've
63%
days
59%
down
59%
keep
59%
lonely
59%
phone
59%
wait
59%
brain
56%
feeling
56%
green
56%
know
56%
looking
56%
shame
56%
you'll
56%
being
53%
careful
53%
dancing
53%
let
53%
more
53%
or
53%
proper
53%
There's
53%
vacant
53%
drown
50%
irrelevant
50%
old
50%
same?
50%
sleep
50%
avoid
47%
inducing
47%
pain
47%
water
47%
weird
47%
apparitions
44%
calls
44%
decreed
44%
nodding
41%
divinely
34%
enthralling
25%
No matching quizzes found
Score Distribution
Percent of People with Each Score
Percentile by Number Answered
Your Score History
You have not taken this quiz